000
00197nam a2200085Ia 4500
008
211110s9999 xx 000 0 und d
100
_a
Bester, Maryanne
_9
897
245
0
_a
Baobab trails
942
_c
BK
999
_c
608312
_d
608311